| 000 | 01586nka a2200349 i 4500 | ||
|---|---|---|---|
| 001 | 102917 | ||
| 003 | ES-MaACL | ||
| 005 | 20250821063037.0 | ||
| 007 | t| | ||
| 008 | 051219q1885 sp f | |r||1c|spa | ||
| 100 | 1 |
_aMartínez Aparici, Domingo, _d1822-1898 _edrm _eegr _977862 |
|
| 245 | 1 | 3 |
_aLa bella jardinera _h[Material gráfico] / _cpintado por Rafael ; dibujado y grabado por Domingo Martínez, pensionado por S.M. |
| 260 |
_a[S.l. : _bs.n., _cca. 1885] |
||
| 300 |
_a1 estampa : _bgrabado calcográfico ; _c321 x 250 mm |
||
| 490 | 1 |
_aColección facticia de grabados ; _v5 _9184692 |
|
| 500 | _aInscripción: "La bella jardinera" | ||
| 520 | _a"La bella jardinera" representa a la Virgen María con el Niño Jesús y el pequeño san Juan Bautista; su título hace referencia a la florida belleza de la Virgen y al ambiente campestre que rodea a los personajes | ||
| 530 | _aDisponible en formato digital | ||
| 600 | 0 | 4 |
_aVirgen María _9115436 |
| 600 | 0 | 4 |
_aNiño Jesús _9241943 |
| 600 | 0 | 0 |
_aJuan Bautista, _cSanto _9241944 |
| 655 | 0 |
_aGrabados calcográficos _2tgfbne _9241761 |
|
| 655 | 7 |
_aGrabados _2tgfbne _9226846 |
|
| 655 | 4 |
_aReproducciones de obras de arte _9241931 |
|
| 700 | 0 |
_aRaffaello, _d1483-1520 _eart _9222299 |
|
| 830 | 0 |
_aColección facticia de grabados ; _v5 _9184692 |
|
| 852 | 4 |
_aES-MaACL _cDEPO2 _jGF-2(5) |
|
| 856 | 4 |
_uhttps://www.calcografica.it/stampe/inventario.php?id=S-FN8246 _yVersión en línea _z(Istituto Centrale per la Grafica) |
|
| 942 |
_2udc _cDIBGRB _n0 |
||
| 999 |
_c102917 _d102917 |
||